Enseñanza de la lengua y la literatura en la educación secundaria (Record no. 14565)

MARC details
000 -LEADER
campo de control de longitud fija 01301nmc a2200397 a 4500
003 - IDENTIFICADOR DE NÚMERO DE CONTROL
campo de control AR-BaBNM
005 - FECHA Y HORA DE LA ÚLTIMA TRANSACCIÓN
campo de control 20251128210224.0
008 - DATOS DE LONGITUD FIJA--INFORMACIÓN GENERAL
campo de control de longitud fija 209019s1992 ||||||||||||||000 | spa||
020 ## - NÚMERO INTERNACIONAL ESTÁNDAR DEL LIBRO
Número Internacional Estándar del Libro 84-321-2894-5
040 ## - FUENTE DE CATALOGACIÓN
Centro/agencia transcriptor AR-BaBNM
245 10 - MENCIÓN DEL TÍTULO
Título Enseñanza de la lengua y la literatura en la educación secundaria
260 ## - PUBLICACIÓN, DISTRIBUCIÓN, ETC.
Lugar de publicación, distribución, etc. Madrid
Nombre del editor, distribuidor, etc. Ediciones Rialp
Fecha de publicación, distribución, etc. 1992
300 ## - DESCRIPCIÓN FÍSICA
Extensión 414 p.
490 #0 - MENCIÓN DE SERIE
Mención de serie Tratado de educación personalizada
Designación de volumen o secuencia v. 21
500 ## - NOTA GENERAL
Nota general Contiene apéndices p. 337-414
500 ## - NOTA GENERAL
Nota general El apéndice 3 fue escrito por el Círculo de Educación Personalizada
504 ## - NOTA DE BIBLIOGRAFÍA, ETC.
Nota de bibliografía, etc. Nota Contiene bibliografía al final de cada capítulo
650 #4 - PUNTO DE ACCESO ADICIONAL DE MATERIA--TÉRMINO DE MATERIA
Término de materia o nombre geográfico como elemento de entrada ANALISIS LITERARIO
653 ## - TÉRMINO DE INDIZACIÓN--NO CONTROLADO
Término no controlado ENSENANZA DE LA LENGUA
653 ## - TÉRMINO DE INDIZACIÓN--NO CONTROLADO
Término no controlado ENSEÑANZA DE LA LITERATURA
653 ## - TÉRMINO DE INDIZACIÓN--NO CONTROLADO
Término no controlado EDUCACION SECUNDARIA
653 ## - TÉRMINO DE INDIZACIÓN--NO CONTROLADO
Término no controlado EDUCACION PERSONALIZADA
653 ## - TÉRMINO DE INDIZACIÓN--NO CONTROLADO
Término no controlado ANALISIS DE TEXTOS
700 1# - ENTRADA AGREGADA--NOMBRE PERSONAL
Nombre de persona Serrano Pedroche, Lucrecio
700 1# - ENTRADA AGREGADA--NOMBRE PERSONAL
Nombre de persona Alvarez Aranguren, Lucio
700 1# - ENTRADA AGREGADA--NOMBRE PERSONAL
Nombre de persona Barral Díaz, José Antonio
700 1# - ENTRADA AGREGADA--NOMBRE PERSONAL
Nombre de persona Casanova Rodríguez, María Antonia
700 1# - ENTRADA AGREGADA--NOMBRE PERSONAL
Nombre de persona Díaz Barranco, Ana
700 1# - ENTRADA AGREGADA--NOMBRE PERSONAL
Nombre de persona Gil, Carmen
700 1# - ENTRADA AGREGADA--NOMBRE PERSONAL
Nombre de persona Moliner, Luis
700 1# - ENTRADA AGREGADA--NOMBRE PERSONAL
Nombre de persona Reyzábal, María Victoria
700 1# - ENTRADA AGREGADA--NOMBRE PERSONAL
Nombre de persona Sampedro Millares, Angel
800 1# - PUNTO DE ACCESO ADICIONAL DE SERIE--NOMBRE DE PERSONA
Nombre de persona García Hoz, Victor
Término indicativo de función/relación director
942 ## - ELEMENTOS DE ENTRADA SECUNDARIOS (KOHA)
Tipo de ítem Koha Libros
998 ## - INFORMACIÓN DE CONTROL LOCAL (RLIN)
Iniciales del catalogador, CIN (RLIN) Raquel
Holdings
Estatus retirado Estado de pérdida Fuente de la clasificación o esquema de estantería Estado de daño Restricciones de uso No para préstamo Biblioteca de origen Biblioteca actual Fecha de adquisición Total de préstamos Signatura topográfica completa Código de barras Visto por última vez Precio de reemplazo Tipo de ítem Koha
    Clasificación Decimal Dewey   Acceso restringido No para préstamo Liberty Liberty 28/11/2025   372.88 SERR 118587 28/11/2025 28/11/2025 Libros